[Event "Dimanche 2004.03.07"]
[Site "Montreal CAN"]
[Date "2004.03.21"]
[Round "3"]
[White "Bolduc, Steve"]
[Black "Ye, Ling Feng"]
[Result "1/2-1/2"]
[WhiteElo "2314"]
[BlackElo "1649"]
[PlyCount "94"]
[GameId "2160767911183598"]
[EventDate "2004.03.07"]
[EventType "tourn"]
[EventRounds "5"]
[EventCountry "CAN"]

1. d4 Nf6 2. c4 g6 3. Nc3 Bg7 4. e4 d6 5. Nf3 O-O 6. Be2 e5 7. d5 a5 8. Bg5 h6 9. Bh4 Na6 10. Nd2 Qe8 11. a3 Bd7 12. b3 Nc5 13. O-O Nh7 14. f3 f5 15. b4 axb4 16. axb4 Na4 17. Nxa4 Bxa4 18. Qc1 Bd7 19. Rxa8 Qxa8 20. Qc3 fxe4 21. Ra1 Qc8 22. Nxe4 g5 23. Bf2 Nf6 24. c5 Nxd5 25. Qb3 Be6 26. Bc4 Nf4 27. cxd6 cxd6 28. Nxd6 Bxc4 29. Nxc4 Qe6 30. Rd1 Ne2+ 31. Kf1 Nd4 32. Bxd4 exd4 33. Na5 Qxb3 34. Nxb3 Rc8 35. Rc1 Rxc1+ 36. Nxc1 Kf7 37. Ke2 Ke6 38. Kd3 Kd5 39. Ne2 Be5 40. g3 Bd6 41. b5 Be5 42. f4 gxf4 43. gxf4 Bf6 44. Ng3 b6 45. h3 Bd8 46. Nf5 Bc7 47. Nxh6 Bxf4 1/2-1/2

[Event "Dimanche 2004.03.07"]
[Site "Montreal CAN"]
[Date "2004.03.21"]
[Round "3"]
[White "Charron, Guillaume"]
[Black "Blais, Richard"]
[Result "1-0"]
[WhiteElo "1669"]
[BlackElo "1717"]
[PlyCount "45"]
[GameId "2160767911183599"]
[EventDate "2004.03.07"]
[EventType "tourn"]
[EventRounds "5"]
[EventCountry "CAN"]

1. e4 e5 2. Nf3 f5 3. Nc3 Nf6 4. Bc4 fxe4 5. Nxe5 d5 6. Nxd5 Nxd5 7. Qh5+ g6 8. Nxg6 hxg6 9. Qxh8 Qf6 10. Qxf6 Nxf6 11. d3 exd3 12. Bxd3 Kf7 13. Bf4 Bd6 14. Bxd6 cxd6 15. O-O-O Nc6 16. Rhe1 Bd7 17. Bc4+ d5 18. Bxd5+ Nxd5 19. Rxd5 Be6 20. Rd6 Re8 21. Red1 Bf5 22. h3 Re2 23. R6d2 1-0

[Event "Dimanche 2004.03.07"]
[Site "Montreal CAN"]
[Date "2004.03.28"]
[Round "4"]
[White "Colucci, John"]
[Black "Bolduc, Steve"]
[Result "0-1"]
[WhiteElo "1843"]
[BlackElo "2314"]
[PlyCount "94"]
[GameId "2160767911183600"]
[EventDate "2004.03.07"]
[EventType "tourn"]
[EventRounds "5"]
[EventCountry "CAN"]

1. d4 Nf6 2. c4 c5 3. d5 e5 4. Nc3 d6 5. e4 Be7 6. Bd3 O-O 7. Bd2 Nbd7 8. Nf3 Ne8 9. O-O a6 10. Qe2 g6 11. g4 Ng7 12. Bh6 Nf6 13. h3 Kh8 14. Nh2 Ng8 15. Bxg7+ Kxg7 16. f4 exf4 17. Rxf4 Bf6 18. Raf1 Be5 19. R4f3 Bd7 20. Nd1 b5 21. Ne3 Rb8 22. b3 Qh4 23. Qg2 Qe7 24. R1f2 bxc4 25. Bxc4 Bb5 26. Nhf1 Bd4 27. Ng3 Kh8 28. Qf1 Nf6 29. Qd3 Nd7 30. Qe2 Bxc4 31. Nxc4 Ne5 32. Ne3 Nxf3+ 33. Rxf3 a5 34. Kg2 a4 35. Nc4 axb3 36. axb3 Be5 37. Nf1 Ra8 38. Nfe3 f6 39. Nxe5 fxe5 40. Nc4 Rxf3 41. Qxf3 Kg7 42. Nb6 Ra2+ 43. Kg3 Qf6 44. Nc4 Qxf3+ 45. Kxf3 Ra6 46. h4 Kf6 47. Ke3 Ke7 0-1

[Event "Dimanche 2004.03.07"]
[Site "Montreal CAN"]
[Date "2004.04.04"]
[Round "5"]
[White "Charron, Guillaume"]
[Black "Chagnon, Francois"]
[Result "0-1"]
[WhiteElo "1669"]
[BlackElo "1443"]
[PlyCount "74"]
[GameId "2160767911183601"]
[EventDate "2004.03.07"]
[EventType "tourn"]
[EventRounds "5"]
[EventCountry "CAN"]

1. e4 c6 2. d4 d5 3. Nc3 dxe4 4. Nxe4 Nd7 5. Nf3 Ngf6 6. Nxf6+ Nxf6 7. Ne5 Be6 8. Be3 g6 9. Be2 Bg7 10. Qd2 Ne4 11. Qb4 Qb6 12. Qa3 Qc7 13. Bf4 Nd6 14. Rd1 f6 15. Ng4 h5 16. Ne3 g5 17. Bxd6 Qxd6 18. Qd3 O-O-O 19. O-O Qd7 20. Qa3 Kb8 21. c4 Qc7 22. d5 cxd5 23. cxd5 Bc8 24. Rc1 Qd6 25. Qb3 f5 26. Rc6 Qe5 27. Rc2 f4 28. Ba6 Rd7 29. Qb5 fxe3 30. Rxc8+ Rxc8 31. Qxd7 exf2+ 32. Rxf2 bxa6 33. Rf1 Qd6 34. Qa4 Qxd5 35. Qxa6 Bd4+ 36. Kh1 Bf6 37. b4 Qc4 0-1

[Event "Dimanche 2004.03.07"]
[Site "Montreal CAN"]
[Date "2004.04.04"]
[Round "5"]
[White "Sonkin, Evan"]
[Black "Bolduc, Steve"]
[Result "1/2-1/2"]
[WhiteElo "1857"]
[BlackElo "2314"]
[PlyCount "56"]
[GameId "2160767911183602"]
[EventDate "2004.03.07"]
[EventType "tourn"]
[EventRounds "5"]
[EventCountry "CAN"]

1. e4 c5 2. Nc3 Nc6 3. f4 g6 4. Nf3 Bg7 5. Bb5 Nd4 6. Bd3 e6 7. Nxd4 cxd4 8. Nb5 d6 9. c3 dxc3 10. bxc3 Nh6 11. Ba3 O-O 12. Qe2 e5 13. Bxd6 a6 14. Bxf8 Bxf8 15. fxe5 axb5 16. Bxb5 Qh4+ 17. g3 Qe7 18. O-O Bg4 19. Qe3 Qxe5 20. Bc4 Be6 21. d4 Ng4 22. Qe2 Bxc4 23. Qxc4 Qxe4 24. Rxf7 Kh8 25. Qc7 Qe3+ 26. Kh1 Qe4+ 27. Kg1 Qe3+ 28. Kh1 Qe4+ 1/2-1/2

[Event "Dimanche 2004.05.09"]
[Site "Montreal CAN"]
[Date "2004.05.16"]
[Round "2"]
[White "Marcone, Malcom"]
[Black "Bolduc, Steve"]
[Result "1-0"]
[WhiteElo "1898"]
[BlackElo "2163"]
[PlyCount "79"]
[GameId "2160767911158225"]
[EventDate "2004.05.09"]
[EventType "tourn"]
[EventRounds "5"]
[EventCountry "CAN"]

1. d4 f5 2. Bg5 g6 3. Nc3 Nf6 4. Bxf6 exf6 5. h4 d5 6. e3 Be6 7. Bd3 Nc6 8. Nh3 Qd7 9. a3 Bh6 10. Qf3 Rd8 11. Nf4 Bf7 12. Nce2 O-O 13. h5 g5 14. Ng6 hxg6 15. hxg6 Bxg6 16. Rxh6 Kg7 17. Rxg6+ Kxg6 18. g4 Kf7 19. Bxf5 Qd6 20. O-O-O Rh8 21. Ng3 Rh3 22. Bd3 Ne7 23. Kb1 Rdh8 24. c4 c6 25. cxd5 cxd5 26. Bc2 R8h4 27. Bb3 Ke8 28. Rc1 Kd8 29. e4 Qf4 30. Qc3 Rxg4 31. Qa5+ Ke8 32. Bxd5 Rgxg3 33. fxg3 Qd6 34. Qxa7 Nxd5 35. exd5 Qxd5 36. Qb8+ Kf7 37. Rc7+ Kg6 38. Qe8+ Kf5 39. Qc8+ Qe6 40. Rc5+ 1-0

[Event "Dimanche 2004.05.09"]
[Site "Montreal CAN"]
[Date "2004.05.23"]
[Round "3"]
[White "Bolduc, Steve"]
[Black "Katch, Gary"]
[Result "1/2-1/2"]
[WhiteElo "2163"]
[BlackElo "1691"]
[PlyCount "100"]
[GameId "2160767911158226"]
[EventDate "2004.05.09"]
[EventType "tourn"]
[EventRounds "5"]
[EventCountry "CAN"]

1. d4 e6 2. c4 d5 3. Nc3 Nf6 4. Bg5 Be7 5. Nf3 O-O 6. e3 Nbd7 7. Rc1 c6 8. Bd3 b6 9. O-O Bb7 10. cxd5 cxd5 11. Ne5 Nxe5 12. dxe5 Ne4 13. Bf4 Nxc3 14. Rxc3 Rc8 15. Rxc8 Qxc8 16. h4 Ba6 17. h5 Bxd3 18. Qxd3 Qc4 19. Qxc4 dxc4 20. Rc1 Rc8 21. Kf1 g5 22. Bh2 g4 23. f3 gxf3 24. gxf3 b5 25. Ke2 h6 26. Bf4 Kh7 27. Rd1 Rd8 28. Rxd8 Bxd8 29. e4 Bc7 30. Bg3 f6 31. f4 Kg7 32. Kd2 b4 33. Kc2 a5 34. a3 Kf7 35. Be1 fxe5 36. fxe5 Bxe5 37. axb4 axb4 38. Bxb4 Bd4 39. Bd2 Kg7 40. Bc3 e5 41. Bxd4 exd4 42. b4 cxb3+ 43. Kxb3 Kf6 44. Kc4 d3 45. Kxd3 Kg5 46. Kd4 Kxh5 47. Kd5 Kg6 48. Kd6 Kf7 49. Kd7 Kf6 50. Kd6 Kf7 1/2-1/2

[Event "Dimanche 2004.05.09"]
[Site "Montreal CAN"]
[Date "2004.06.06"]
[Round "4"]
[White "Rozybakiyev, Rasul"]
[Black "Bolduc, Steve"]
[Result "0-1"]
[WhiteElo "1754"]
[BlackElo "2163"]
[PlyCount "110"]
[GameId "2160767911158227"]
[EventDate "2004.05.09"]
[EventType "tourn"]
[EventRounds "5"]
[EventCountry "CAN"]

1. e4 c5 2. c3 Nf6 3. e5 Nd5 4. d4 e6 5. Nf3 d6 6. Be2 Nc6 7. O-O Qc7 8. exd6 Bxd6 9. c4 Nde7 10. Be3 cxd4 11. Bxd4 Nxd4 12. Qxd4 O-O 13. Nc3 a6 14. Ne4 Nf5 15. Qc3 Be7 16. Rfd1 b6 17. Nd4 Bb7 18. Bf3 Nh4 19. Ng3 Nxf3+ 20. Nxf3 Bf6 21. Qb3 g6 22. Rac1 Rfd8 23. h3 Rac8 24. Rxd8+ Rxd8 25. Rc2 Rd1+ 26. Kh2 h5 27. h4 Qf4 28. Re2 Rc1 29. Qxb6 Bxf3 30. gxf3 Qxh4+ 31. Kg2 Qxc4 32. b3 Qc6 33. Qxc6 Rxc6 34. Ne4 Be7 35. Rd2 f5 36. Ng3 Kf7 37. Ne2 Kf6 38. f4 Bb4 39. Rd4 a5 40. Rc4 Rxc4 41. bxc4 e5 42. Kf3 h4 43. Ng1 exf4 44. Kxf4 g5+ 45. Kf3 g4+ 46. Kg2 Ke5 47. Ne2 Ke4 48. a4 h3+ 49. Kh1 Kf3 50. Nd4+ Kxf2 51. Nxf5 g3 52. Nxg3 Kxg3 53. c5 Kg4 54. c6 Bd6 55. Kg1 Kf4 0-1

[Event "Dimanche 2004.11.07"]
[Site "Montreal CAN"]
[Date "2004.11.07"]
[Round "1"]
[White "Podariu, Christian"]
[Black "Sullivan, Neil"]
[Result "0-1"]
[WhiteElo "1507"]
[BlackElo "2056"]
[PlyCount "84"]
[GameId "2160767911052653"]
[EventDate "2004.11.07"]
[EventType "tourn"]
[EventRounds "5"]
[EventCountry "CAN"]

1. d4 d5 2. Nf3 Nf6 3. c4 e6 4. Nc3 a6 5. cxd5 exd5 6. Bg5 Be7 7. e3 O-O 8. Be2 c6 9. O-O h6 10. Bf4 Nbd7 11. h3 Re8 12. Bd3 c5 13. Re1 b5 14. dxc5 Nxc5 15. Bc2 Bb7 16. Nd4 Bd6 17. Bxd6 Qxd6 18. Nce2 Rac8 19. Bf5 Rc7 20. h4 Nfe4 21. Bh3 Qf6 22. Nf5 Kh7 23. Qd4 Qxd4 24. Nfxd4 Nd3 25. Rf1 Nxb2 26. Nf5 Nc4 27. Rac1 Bc8 28. Nf4 Re5 29. g4 Bxf5 30. gxf5 Ned2 31. Rfd1 Nf3+ 32. Kh1 Nxh4 33. Nxd5 Rc5 34. Nb4 Nb2 35. Rxc5 Rxc5 36. Rd4 Nf3 37. Nxa6 Rc1+ 38. Kg2 Nxd4 39. exd4 Rd1 40. Nc7 b4 41. d5 Nd3 42. Kg3 Rc1 0-1

[Event "Dimanche 2004.11.07"]
[Site "Montreal CAN"]
[Date "2004.11.07"]
[Round "1"]
[White "Prahov, Valentin"]
[Black "Katch, Gary"]
[Result "1-0"]
[WhiteElo "2211"]
[BlackElo "1730"]
[PlyCount "87"]
[GameId "2160767911052654"]
[EventDate "2004.11.07"]
[EventType "tourn"]
[EventRounds "5"]
[EventCountry "CAN"]

1. e4 d5 2. exd5 Nf6 3. c4 c6 4. Nc3 cxd5 5. d4 Nc6 6. Bg5 dxc4 7. d5 Ne5 8. Bxc4 Nxc4 9. Qa4+ Bd7 10. Qxc4 Qb6 11. Nf3 Rc8 12. Qb3 Qxb3 13. axb3 a6 14. O-O e6 15. Rfe1 Bb4 16. dxe6 fxe6 17. Nd4 Kf7 18. Re3 Rhe8 19. Rd1 Bxc3 20. bxc3 Rc5 21. Nf3 Rd5 22. Ne5+ Kg8 23. Rde1 Ng4 24. Nxg4 Rxg5 25. Ne5 Bc8 26. g4 Rf8 27. h4 Rxe5 28. Rxe5 Rf3 29. R1e3 Rxe3 30. Rxe3 Kf7 31. Kg2 Bd7 32. Kg3 h6 33. Kf4 Kf6 34. g5+ hxg5+ 35. hxg5+ Kg6 36. Rg3 Kf7 37. Ke5 Ke7 38. c4 Bc6 39. b4 Bd7 40. Rd3 Bc6 41. Rd6 Bd7 42. c5 Bc8 43. Rb6 Kf7 44. Kd6 1-0

[Event "Dimanche 2004.11.07"]
[Site "Montreal CAN"]
[Date "2004.11.14"]
[Round "2"]
[White "Colucci, John"]
[Black "Prahov, Valentin"]
[Result "0-1"]
[WhiteElo "1827"]
[BlackElo "2211"]
[PlyCount "68"]
[GameId "2160767911052655"]
[EventDate "2004.11.07"]
[EventType "tourn"]
[EventRounds "5"]
[EventCountry "CAN"]

1. d4 Nf6 2. c4 g6 3. Nc3 d5 4. cxd5 Nxd5 5. e4 Nxc3 6. bxc3 c5 7. Be3 Bg7 8. Bc4 O-O 9. Ne2 cxd4 10. cxd4 Nc6 11. O-O Bg4 12. f3 Na5 13. Bxf7+ Rxf7 14. fxg4 Rxf1+ 15. Kxf1 Qd7 16. h3 Rd8 17. Rc1 b5 18. Rc5 Nc4 19. Bf2 e6 20. Kg1 Bf8 21. Bh4 Bxc5 22. Bxd8 Qxd8 23. Kh1 a6 24. Qb3 Bxd4 25. a4 Qd7 26. axb5 axb5 27. Nxd4 Qxd4 28. Qxb5 Qa1+ 29. Kh2 Qe5+ 30. Qxe5 Nxe5 31. Kg3 g5 32. Kf2 Kf7 33. Ke3 Ke7 34. g3 Kd6 0-1

[Event "Dimanche 2004.11.07"]
[Site "Montreal CAN"]
[Date "2003.11.28"]
[Round "4"]
[White "Podariu, Christian"]
[Black "Prahov, Valentin"]
[Result "0-1"]
[WhiteElo "1507"]
[BlackElo "2211"]
[PlyCount "62"]
[GameId "2160767911052656"]
[EventDate "2004.11.07"]
[EventType "tourn"]
[EventRounds "5"]
[EventCountry "CAN"]

1. d4 Nf6 2. c4 g6 3. Nf3 Bg7 4. g3 O-O 5. Bg2 c5 6. e3 cxd4 7. exd4 d5 8. Ne5 Nc6 9. O-O Be6 10. c5 Nxe5 11. dxe5 Ne4 12. Qd4 Qc7 13. Bf4 Qxc5 14. Qxc5 Nxc5 15. Nc3 Rfd8 16. Nb5 a6 17. Be3 Nd3 18. Nc7 Rac8 19. Nxe6 fxe6 20. Bb6 Rf8 21. f4 Nxb2 22. Rab1 Nc4 23. Bd4 Nd2 24. Rxb7 Nxf1 25. Bxf1 g5 26. Bh3 Rc1+ 27. Kf2 gxf4 28. Bxe6+ Kh8 29. Bxd5 fxg3+ 30. Kxg3 Rd1 31. Rb4 Rxd4 0-1

[Event "Easter op"]
[Site "Winnipeg CAN"]
[Date "2004.04.23"]
[Round "1"]
[White "Cleto, Sam"]
[Black "Anderson, George"]
[Result "1-0"]
[WhiteElo "1883"]
[BlackElo "1510"]
[PlyCount "64"]
[GameId "2160767911166874"]
[EventDate "2004.04.??"]
[EventType "swiss"]
[EventRounds "5"]
[EventCountry "CAN"]
[SourceTitle "EXT 2006"]
[Source "ChessBase"]
[SourceDate "2005.11.24"]
[SourceVersion "1"]
[SourceVersionDate "2005.11.24"]
[SourceQuality "1"]

1. c4 e6 2. Nc3 a6 3. Nf3 Nf6 4. d4 d5 5. e3 c5 6. Be2 cxd4 7. exd4 Nc6 8. O-O Bd6 9. c5 Bb8 10. a3 Qc7 11. b4 b5 12. g3 Ne7 13. Bf4 Qb7 14. Ne5 Ng6 15. Rc1 Nxf4 16. gxf4 Bxe5 17. fxe5 Ne4 18. Bf3 Ng5 19. Bg2 Bd7 20. Qg4 h6 21. h4 f5 22. exf6 e5 23. Bxd5 Bc6 24. Qh5+ Nf7 25. Qxf7+ Qxf7 26. Bxf7+ Kxf7 27. d5 Bxd5 28. Nxd5 gxf6 29. Rc3 Rad8 30. Rd1 f5 31. Ne3 Rhg8+ 32. Kh2 Rxd1 1-0

[Event "Easter op"]
[Site "Winnipeg CAN"]
[Date "2004.04.23"]
[Round "1"]
[White "Lipnowski, Samuel"]
[Black "Czarny, Keith"]
[Result "1-0"]
[WhiteElo "2121"]
[BlackElo "1657"]
[PlyCount "43"]
[GameId "2160767911166875"]
[EventDate "2004.04.??"]
[EventType "swiss"]
[EventRounds "5"]
[EventCountry "CAN"]
[SourceTitle "EXT 2006"]
[Source "ChessBase"]
[SourceDate "2005.11.24"]
[SourceVersion "1"]
[SourceVersionDate "2005.11.24"]
[SourceQuality "1"]

1. e4 Nf6 2. e5 Nd5 3. d4 d6 4. Nf3 Bf5 5. Bc4 e6 6. O-O Be7 7. Bd2 O-O 8. Nc3 Nb6 9. Be2 d5 10. Be3 N8d7 11. a4 c5 12. a5 Nc4 13. Bxc4 dxc4 14. d5 exd5 15. Nxd5 Bg4 16. Nxe7+ Qxe7 17. Qd5 Bxf3 18. Qxf3 Nxe5 19. Qe4 Rac8 20. Rfd1 f5 21. Qd5+ Qf7 22. Qxe5 1-0

[Event "Easter op"]
[Site "Winnipeg CAN"]
[Date "2004.04.23"]
[Round "1"]
[White "Reimer, Bruce"]
[Black "Zaczek, Jonathon"]
[Result "0-1"]
[WhiteElo "1375"]
[BlackElo "1856"]
[PlyCount "63"]
[GameId "2160767911166877"]
[EventDate "2004.04.??"]
[EventType "swiss"]
[EventRounds "5"]
[EventCountry "CAN"]
[SourceTitle "EXT 2006"]
[Source "ChessBase"]
[SourceDate "2005.11.24"]
[SourceVersion "1"]
[SourceVersionDate "2005.11.24"]
[SourceQuality "1"]

1. c4 Nf6 2. g3 g6 3. Bg2 Bg7 4. Nc3 O-O 5. e4 c5 6. Nge2 Nc6 7. d3 Rb8 8. O-O a6 9. f4 d6 10. Rb1 Ne8 11. b3 b5 12. Be3 Nd4 13. Qd2 Qa5 14. Rbd1 Bg4 15. h3 b4 16. hxg4 bxc3 17. Qe1 Nc2 18. Qf2 Nxe3 19. Qxe3 c2 20. Rc1 Qxa2 21. Qd2 Qxb3 22. Rxc2 Nc7 23. Nc1 Qb4 24. Qd1 a5 25. f5 a4 26. g5 Bd4+ 27. Kh1 Be3 28. Na2 Qb3 29. fxg6 fxg6 30. Rxf8+ Rxf8 31. Nc1 Qb1 32. Kh2 0-1

[Event "Easter op"]
[Site "Winnipeg CAN"]
[Date "2004.04.23"]
[Round "1"]
[White "Rutter, Blair"]
[Black "Vincent, Trevor"]
[Result "0-1"]
[WhiteElo "1626"]
[BlackElo "2053"]
[PlyCount "74"]
[GameId "2160767911166878"]
[EventDate "2004.04.??"]
[EventType "swiss"]
[EventRounds "5"]
[EventCountry "CAN"]
[SourceTitle "EXT 2006"]
[Source "ChessBase"]
[SourceDate "2005.11.24"]
[SourceVersion "1"]
[SourceVersionDate "2005.11.24"]
[SourceQuality "1"]

1. d4 Nf6 2. c4 e5 3. dxe5 Ng4 4. Nf3 Bc5 5. e3 Nc6 6. Nc3 O-O 7. Be2 Re8 8. O-O Ncxe5 9. b3 Nxf3+ 10. Bxf3 Ne5 11. Bb2 a5 12. Qe2 Ra6 13. Rad1 Rh6 14. g3 Nxf3+ 15. Qxf3 Rhe6 16. Rd3 d6 17. Nd5 c6 18. Nf4 Re4 19. h4 Bf5 20. Kh2 Qe7 21. Rg1 Rxf4 22. exf4 Bxd3 23. Qxd3 Bxf2 24. Rg2 Bc5 25. Qc3 f6 26. Qxa5 Be3 27. Qf5 Qe6 28. Qd3 d5 29. Re2 Qe7 30. Kg2 dxc4 31. bxc4 Rd8 32. Qc3 Qe4+ 33. Kh3 Qh1+ 34. Rh2 Qf1+ 35. Rg2 Rd2 36. Qxe3 Qxg2+ 37. Kg4 Qe2+ 0-1

[Event "Easter op"]
[Site "Winnipeg CAN"]
[Date "2004.04.23"]
[Round "1"]
[White "Tang, Edward"]
[Black "Degroot, Stephen"]
[Result "1-0"]
[WhiteElo "1940"]
[BlackElo "1552"]
[PlyCount "55"]
[GameId "2160767911166880"]
[EventDate "2004.04.??"]
[EventType "swiss"]
[EventRounds "5"]
[EventCountry "CAN"]
[SourceTitle "EXT 2006"]
[Source "ChessBase"]
[SourceDate "2005.11.24"]
[SourceVersion "1"]
[SourceVersionDate "2005.11.24"]
[SourceQuality "1"]

1. e4 e5 2. Nf3 Nc6 3. Bb5 d6 4. O-O Nf6 5. Re1 Bd7 6. c3 a6 7. Ba4 b5 8. Bc2 Be7 9. h3 O-O 10. d4 exd4 11. cxd4 Nb4 12. Bb3 a5 13. e5 Nfd5 14. Nc3 Nxc3 15. bxc3 Na6 16. Bf4 dxe5 17. Nxe5 Bf6 18. Ng4 Bxg4 19. Qxg4 a4 20. Bc2 g6 21. Rad1 Bg7 22. Bg5 Qd5 23. Be4 Qxa2 24. Bxa8 Rxa8 25. Qd7 Qc4 26. Re8+ Rxe8 27. Qxe8+ Bf8 28. Bh6 1-0

[Event "Easter op"]
[Site "Winnipeg CAN"]
[Date "2004.04.24"]
[Round "2"]
[White "Czarny, Keith"]
[Black "Anderson, George"]
[Result "1-0"]
[WhiteElo "1657"]
[BlackElo "1510"]
[PlyCount "47"]
[GameId "2160767911166881"]
[EventDate "2004.04.??"]
[EventType "swiss"]
[EventRounds "5"]
[EventCountry "CAN"]
[SourceTitle "EXT 2006"]
[Source "ChessBase"]
[SourceDate "2005.11.24"]
[SourceVersion "1"]
[SourceVersionDate "2005.11.24"]
[SourceQuality "1"]

1. Nf3 e6 2. e4 Ne7 3. e5 Ng6 4. d4 d5 5. Nc3 Bd7 6. Bd3 c5 7. dxc5 Bxc5 8. O-O Nc6 9. Na4 Bd4 10. Nxd4 Nxd4 11. Nc5 Nxe5 12. Bf4 Nxd3 13. Qxd3 Nf5 14. g4 Nh6 15. Nxb7 Qb6 16. Nd6+ Ke7 17. Qa3 Kd8 18. Bxh6 gxh6 19. Nxf7+ Kc7 20. Nxh8 Rxh8 21. Qc3+ Bc6 22. Qxh8 Qb7 23. Qxh7+ Kb6 24. Qxb7+ 1-0

[Event "Easter op"]
[Site "Winnipeg CAN"]
[Date "2004.04.24"]
[Round "2"]
[White "Gentes, Kevin"]
[Black "Tang, Edward"]
[Result "1-0"]
[WhiteElo "2337"]
[BlackElo "1940"]
[PlyCount "57"]
[GameId "2160767911166883"]
[EventDate "2004.04.??"]
[EventType "swiss"]
[EventRounds "5"]
[EventCountry "CAN"]
[SourceTitle "EXT 2006"]
[Source "ChessBase"]
[SourceDate "2005.11.24"]
[SourceVersion "1"]
[SourceVersionDate "2005.11.24"]
[SourceQuality "1"]

1. d4 Nf6 2. c4 g6 3. Nc3 Bg7 4. Nf3 O-O 5. Bf4 d6 6. h3 Na6 7. e4 Nd7 8. Qd2 e5 9. Bh6 exd4 10. Bxg7 Kxg7 11. Nxd4 Ndc5 12. O-O-O Re8 13. f3 Qh4 14. g4 f6 15. Rg1 Qh6 16. g5 fxg5 17. Rxg5 Kh8 18. f4 Ne6 19. Nxe6 Bxe6 20. Kb1 Nc5 21. Bg2 Rad8 22. Qd4+ Qg7 23. Nb5 Qxd4 24. Rxd4 Bf7 25. Nxc7 Rf8 26. f5 Rd7 27. fxg6 hxg6 28. Rxc5 Rc8 29. Na6 1-0

[Event "Easter op"]
[Site "Winnipeg CAN"]
[Date "2004.04.24"]
[Round "2"]
[White "Khedkar, Jay S"]
[Black "Silva, T Romero"]
[Result "1-0"]
[WhiteElo "1914"]
[BlackElo "1806"]
[PlyCount "81"]
[GameId "2160767911166884"]
[EventDate "2004.04.??"]
[EventType "swiss"]
[EventRounds "5"]
[EventCountry "CAN"]
[SourceTitle "EXT 2006"]
[Source "ChessBase"]
[SourceDate "2005.11.24"]
[SourceVersion "1"]
[SourceVersionDate "2005.11.24"]
[SourceQuality "1"]

1. e4 e5 2. f4 Nc6 3. Nf3 Bc5 4. Nc3 d6 5. Bb5 Bg4 6. Na4 Bb4 7. c3 Ba5 8. b4 Bb6 9. Nxb6 axb6 10. O-O Nf6 11. d3 O-O 12. f5 h6 13. h3 Bxf3 14. Qxf3 Kh7 15. g4 g5 16. Rf2 Rg8 17. Bc4 Qf8 18. Rh2 b5 19. Bb3 Qe7 20. Kf1 Rg7 21. h4 Kg8 22. hxg5 hxg5 23. Ke2 Rh7 24. Rxh7 Nxh7 25. Be3 Kg7 26. Rh1 Rh8 27. Qh3 Qf6 28. Qh5 Nd8 29. d4 c6 30. dxe5 dxe5 31. Bb6 c5 32. Bxd8 Rxd8 33. Qxh7+ Kf8 34. Rh6 Qg7 35. f6 Qxh7 36. Rxh7 Kg8 37. Rg7+ Kf8 38. Rxf7+ Ke8 39. Re7+ Kf8 40. bxc5 Rb8 41. Rh7 1-0

[Event "Easter op"]
[Site "Winnipeg CAN"]
[Date "2004.04.24"]
[Round "2"]
[White "Prince, Colin"]
[Black "Gannon, Keith"]
[Result "1-0"]
[WhiteElo "1705"]
[BlackElo "1527"]
[PlyCount "143"]
[GameId "2160767911166885"]
[EventDate "2004.04.??"]
[EventType "swiss"]
[EventRounds "5"]
[EventCountry "CAN"]
[SourceTitle "EXT 2006"]
[Source "ChessBase"]
[SourceDate "2005.11.24"]
[SourceVersion "1"]
[SourceVersionDate "2005.11.24"]
[SourceQuality "1"]

1. e4 e5 2. Nf3 d6 3. d4 exd4 4. Qxd4 Nc6 5. Bb5 Bd7 6. Bxc6 Bxc6 7. Nc3 Nf6 8. Bg5 Be7 9. O-O-O O-O 10. h3 Nd7 11. h4 Bf6 12. Qe3 Qc8 13. Rh3 Bxc3 14. bxc3 f6 15. Nd4 Ne5 16. Nf5 Re8 17. Bxf6 Ng6 18. Nxg7 Rxe4 19. Qh6 Qf8 20. Bd4 Qf4+ 21. Be3 Qxh6 22. Bxh6 Rxh4 23. Rxh4 Nxh4 24. g3 Nf3 25. Nh5 Kf7 26. Nf4 Re8 27. Nd5 Bxd5 28. Rxd5 Kg6 29. Be3 a6 30. c4 Re6 31. c5 dxc5 32. Bxc5 h5 33. Rd8 Rf6 34. Rh8 Rf7 35. Be3 Rh7 36. Rf8 Rf7 37. Rb8 c6 38. a4 Kf5 39. Rh8 Kg4 40. a5 Rg7 41. Rf8 Ng5 42. Rf4+ Kh3 43. Rh4+ Kg2 44. Rxh5 Ne4 45. Rf5 Nd6 46. Rf4 Rh7 47. Kd2 Rd7 48. Ke2 Nf7 49. g4 Re7 50. g5 Nh8 51. g6 Rg7 52. Rg4+ Kh3 53. Rg3+ Kh4 54. Bg5+ Kh5 55. Bf6 Rxg6 56. Bxh8 Re6+ 57. Re3 Rd6 58. Bb2 Kg6 59. Re7 Rd5 60. Bc3 Rb5 61. f4 b6 62. Re6+ Kf5 63. Re5+ Rxe5+ 64. Bxe5 bxa5 65. Kd3 a4 66. Kc4 a5 67. Kc5 a3 68. Kxc6 a2 69. Kd6 a4 70. c4 a1=Q 71. Bxa1 Kxf4 72. c5 1-0

[Event "Easter op"]
[Site "Winnipeg CAN"]
[Date "2004.04.24"]
[Round "2"]
[White "Reimer, Bruce"]
[Black "Rutter, Blair"]
[Result "0-1"]
[WhiteElo "1375"]
[BlackElo "1626"]
[PlyCount "56"]
[GameId "2160767911166886"]
[EventDate "2004.04.??"]
[EventType "swiss"]
[EventRounds "5"]
[EventCountry "CAN"]
[SourceTitle "EXT 2006"]
[Source "ChessBase"]
[SourceDate "2005.11.24"]
[SourceVersion "1"]
[SourceVersionDate "2005.11.24"]
[SourceQuality "1"]

1. c4 e5 2. g3 f5 3. Nc3 Nf6 4. Bg2 Bb4 5. a3 Bxc3 6. bxc3 d6 7. e3 Bd7 8. Rb1 Bc6 9. Bxc6+ bxc6 10. Ne2 Nbd7 11. d4 Rb8 12. Bd2 Nb6 13. c5 Nc4 14. a4 Ne4 15. Rxb8 Qxb8 16. Bc1 d5 17. O-O O-O 18. f3 Nf6 19. dxe5 Nxe5 20. Nd4 g6 21. Nxc6 Nxc6 22. Qc2 Qe8 23. Qb3 Na5 24. Qa2 Nc4 25. Re1 Rf7 26. Qf2 Qxa4 27. h4 Ne5 28. Qe2 Qc4 0-1

[Event "Easter op"]
[Site "Winnipeg CAN"]
[Date "2004.04.24"]
[Round "2"]
[White "Vincent, Trevor"]
[Black "Cleto, Sam"]
[Result "1-0"]
[WhiteElo "2053"]
[BlackElo "1883"]
[PlyCount "65"]
[GameId "2160767911166887"]
[EventDate "2004.04.??"]
[EventType "swiss"]
[EventRounds "5"]
[EventCountry "CAN"]
[SourceTitle "EXT 2006"]
[Source "ChessBase"]
[SourceDate "2005.11.24"]
[SourceVersion "1"]
[SourceVersionDate "2005.11.24"]
[SourceQuality "1"]

1. c4 g6 2. g3 Bg7 3. Bg2 Nf6 4. Nc3 c6 5. e4 d6 6. Nge2 O-O 7. O-O Bg4 8. f3 Be6 9. d3 b5 10. cxb5 cxb5 11. Nf4 Qb6+ 12. d4 Bc4 13. Re1 e5 14. Nfe2 Bxe2 15. Nxe2 Nbd7 16. Be3 b4 17. Qd2 a5 18. dxe5 Bh6 19. f4 Qc7 20. exf6 Nxf6 21. Nd4 Ng4 22. Nb5 Qc6 23. Nxd6 Rad8 24. e5 Qa6 25. Bb7 Nxe5 26. fxe5 Rxd6 27. exd6 Bxe3+ 28. Qxe3 Qxb7 29. Rad1 Qd7 30. Qe7 Qc6 31. d7 Qb6+ 32. Qe3 Qd8 33. Qc5 1-0